000
00247nam a2200109Ia 4500
008
220204s9999 xx 000 0 und d
082
_a
NR:33(09)
_b
TUD
100
_a
Tudor, R J
245
0
_a
Story of rubber
260
_a
London
_b
Burke
942
_c
BK
999
_c
20160
_d
20160